El monopolio en la Industria Eléctrica / (Registro nro. 7974)

Detalles MARC
000 -LEADER
fixed length control field 01178nam a2200229Ia 4500
003 - CONTROL NUMBER IDENTIFIER
control field OSt
005 - DATE AND TIME OF LATEST TRANSACTION
control field 20210610142451.0
008 - FIXED-LENGTH DATA ELEMENTS--GENERAL INFORMATION
fixed length control field 210310s1954 sp ad gr 001 0 spa d
040 ## - CATALOGING SOURCE
Original cataloging agency CO-JMCR
Transcribing agency CO-JMCR
041 0# - LANGUAGE CODE
Language code of text/sound track or separate title spa
082 04 - DEWEY DECIMAL CLASSIFICATION NUMBER
Classification number 338.8 /
Item number M971m
Edition number 23
100 1# - MAIN ENTRY--PERSONAL NAME
Personal name Muñoz Linares, Carlos,
9 (RLIN) 15971
Relator term autor
245 13 - TITLE STATEMENT
Title El monopolio en la Industria Eléctrica /
Remainder of title Carlos Muñoz Linares ; prólogo de Manuel de Torres
260 ## - PUBLICATION, DISTRIBUTION, ETC.
Place of publication, distribution, etc. Madrid :
Name of publisher, distributor, etc. Ediciones Aguilar,
Date of publication, distribution, etc. 1954
300 ## - PHYSICAL DESCRIPTION
Extent 1 hoja plegable, xv, 204 páginas :
Other physical details ilustraciones y gráficas a blanco y negro ;
Dimensions 21 cm.
490 0# - SERIES STATEMENT
Series statement Biblioteca de Ciencias Sociales. Sección Primera : Economía
500 ## - GENERAL NOTE
General note Incluye notas a pie de página e índice de gráficos.
505 0# - FORMATTED CONTENTS NOTE
Formatted contents note La industria eléctrica española y la competencia -- Las grandes empresas en la industria eléctrica --Las estructuras piramidales en la industria eléctrica -- El grado de monopolio en la industria eléctrica -- Estructura de la competencia -- Divorcio de la propiedad y el control en la industria eléctrica
650 14 - SUBJECT ADDED ENTRY--TOPICAL TERM
Topical term or geographic name entry element Monopolio
9 (RLIN) 15973
General subdivision Industria eléctrica
700 1# - ADDED ENTRY--PERSONAL NAME
Personal name Torres, Manuel de,
Relator term prologuista
9 (RLIN) 3623
942 ## - ADDED ENTRY ELEMENTS (KOHA)
Source of classification or shelving scheme Dewey Decimal Classification
Koha item type Books
Existencias
Withdrawn status Lost status Source of classification or shelving scheme Damaged status Not for loan Collection code Home library Current library Date acquired Source of acquisition Full call number Barcode Date last seen Copy number Koha item type
    Dewey Decimal Classification     Non-fiction Biblioteca Pública José María del Castillo y Rada Biblioteca Pública José María del Castillo y Rada 04/15/2018 Donación 338.8 / M971m 430003660 05/16/2024 Ej.1 Books